UBT Library

CLINICAL PRACTICE OF THE DENTAL HYGIENIST (Record no. 59363)

000 -LEADER
fixed length control field 00359nam a22001457a 4500
008 - FIXED-LENGTH DATA ELEMENTS--GENERAL INFORMATION
fixed length control field 230316b ||||| |||| 00| 0 eng d
020 ## - INTERNATIONAL STANDARD BOOK NUMBER
International Standard Book Number 9780781740906
041 ## - LANGUAGE CODE
Language code of text/sound track or separate title eng
080 ## - UNIVERSAL DECIMAL CLASSIFICATION NUMBER
Edition identifier NINTH EDITION
Universal Decimal Classification number 616.31
082 ## - DEWEY DECIMAL CLASSIFICATION NUMBER
Classification number 616.31WIL
100 ## - Rafti
Rafti 12
101 ## - Shkurtesa
Shkurtesa STOMAT
245 ## - TITLE STATEMENT
Title CLINICAL PRACTICE OF THE DENTAL HYGIENIST
Statement of responsibility, etc WILKINS.M.E
942 ## - ADDED ENTRY ELEMENTS (KOHA)
Source of classification or shelving scheme
Item type Books
Holdings
Withdrawn status Lost status Source of classification or shelving scheme Damaged status Not for loan Collection code Permanent location Current location Date acquired Total Checkouts Full call number Barcode Date last seen Price effective from Koha item type
          Koleksioni i përgjithshem UBT - Lipjan UBT - Lipjan 03/16/2023   616.31WIL 002-8000109 03/16/2023 03/16/2023 Books
          Koleksioni i përgjithshem UBT - Lipjan UBT - Lipjan 03/16/2023   616.31WIL 002-80001010 03/16/2023 03/16/2023 Books
UBT Library © 2015-2024. All rights reserved University Education for Business and Technology